000 00703 a2200157 4500
003 Nust
005 20220719192850.0
040 _cNust
082 _a001.4,KHA
_bKHA
100 _aKhanzode,V.V
_993934
245 _aResearch Methodology :
_bTechniques and trends /
_cV.V.Khanzode
260 _aNew Delhi
_bAPH Publishing Corporation
_c2004
300 _avi,210p .:
505 _aResearch an introductory approach(page 3) Research problem(Page 25)Methods of data collection (page 74)Research report (Page 92),Teaching methodology(page 113),Historical Development of teaching methods(page 133),Preparation of lesson plan (page 153)Tools and techniques of evaluation (page 188)
942 _2ddc
_cBK
_k001.4,KHA
999 _c198672
_d198672